000 00912nam a2200289Ka 4500
001 429400295
003 OCoLC
005 20170613143424.0
008 990310s1993 nyua j 000 0 spa d
020 _a0590486748 (pbk.)
040 _aYOL
_beng
_cYOL
041 _aspa
092 _aSP E DEP
092 _aSP E DEP
100 1 _aDePaola, Tomie,
_d1934-
245 1 3 _aLa leyenda del pincel Indio /
_crecontado e ilustrado por Tomie dePaola.
246 _aLa leyenda del pincel Indio
260 _aNew York :
_bScholastic,
_cc1993.
300 _a36 unnumbered pages :
_bcolor illustrations ;
_c26 cm.
336 _atext
_btxt
_2rdacontent.
337 _aunmediated
_bn
_2rdamedia.
338 _avolume
_bnc
_2rdacarrier.
500 _aTranslation of The legend of Indian paintbrush.
650 0 _aIndians of North America
_zGreat Plains
_vFolklore.
650 1 _aSpanish language materials.
942 _cBK
999 _c17548
_d17548